Państwa na literę A - Statystyki

Ogólne statystyki
  • Ten quiz został rozwiązany 57 razy
  • Średni wynik to 10 z 12
Statystyki odpowiedzi
Hint Odpowiedź % Poprawnych
Państwo Andora
92%
Państwo Austria
92%
Państwo Azerbejdżan
92%
Państwo Australia
91%
Państwo Albania
87%
Państwo Armenia
87%
Państwo Angola
83%
Państwo Arabia Saudyjska
81%
Państwo Algieria
77%
Państwo Argentyna
77%
Państwo Afganistan
72%
Państwo Antigua i Barbuda
66%
Nie znaleziono quizów pasujących do podanych kryteriów
Rozkład punktacji
Procent ludzi z każdym wynikiem
Percentyl według liczby udzielonych odpowiedzi
Twoja historia wyników
Nie rozwiązałeś tego quizu